000 00330nam a2200133Ia 4500
008 150201s2008 xx 000 0 und d
082 _a614.1
_bC08P
100 _aPILLAY,V.V.
245 _aCOMPERHENSIVE MEDICAL TOXICOLOGY
250 _a2ND
260 _bPARAS MED
_aHYDERABAD
_c2008
650 _aFORENSIC MEDICINE
942 _2ddc
_cBK
999 _c932
_d932